000 00387nam a22001457a 4500
005 20151014124851.0
008 151014b xxu||||| |||| 00| 0 eng d
040 _cPK-LaUMT
082 _aKHC 305.6971054
_bGIL-S
100 _aGilani Kamran
245 _aSouth Asian Muslim creative mind
_cGilani Kamran
260 _aLahore
_bNational book house
_c1980
300 _a151 p.
942 _cBK
999 _c77353
_d77353